Robbins and Kumar Basic Pathology (Record no. 15575)

MARC details
000 -LEADER
fixed length control field 00368nam a22001577a 4500
003 - CONTROL NUMBER IDENTIFIER
control field SGT
020 ## - INTERNATIONAL STANDARD BOOK NUMBER
International Standard Book Number 978-8131249048
082 ## - DEWEY DECIMAL CLASSIFICATION NUMBER
Classification number 616.0707
Item number R18K
100 ## - MAIN ENTRY--PERSONAL NAME
Personal name Kumar, Vinay
245 ## - TITLE STATEMENT
Title Robbins and Kumar Basic Pathology
250 ## - EDITION STATEMENT
Edition statement First South Asia
260 ## - PUBLICATION, DISTRIBUTION, ETC. (IMPRINT)
Place of publication, distribution, etc NEW DELHI
Name of publisher, distributor, etc Elsevier India
Year of Publication 2018
300 ## - PAGE DESCRIPTION
No. of Pages 935
650 ## - SUBJECT ADDED ENTRY--TOPICAL TERM
Topical term or geographic name as entry element Pathology
942 ## - ADDED ENTRY ELEMENTS (KOHA)
Source of classification or shelving scheme Dewey Decimal Classification
Koha item type Books
942 ## - ADDED ENTRY ELEMENTS (KOHA)
-- 16
Holdings
Withdrawn status Lost status Source of classification or shelving scheme Damaged status Not for loan Home library Current library Shelving location Date acquired Vendor Name Cost, normal purchase price SGTU Bill Number Total Checkouts Full call number Accession No. (Barcode) Date last seen Date last borrowed Bill Date Koha item type
    Dewey Decimal Classification     SGT Dental Library SGT Dental Library Text Book 14/06/2018 ABC 2025.00 SGTU 9730 9 616.0707 R18K FD7730 08/01/2026 08/01/2026 15/05/2018 Books
    Dewey Decimal Classification     SGT Dental Library SGT Dental Library Text Book 14/06/2018 ABC 2025.00 SGTU 9730 1 616.0707 R18K FD7731 02/09/2024 12/08/2024 15/05/2018 Books
    Dewey Decimal Classification     SGT Dental Library SGT Dental Library Text Book 14/06/2018 ABC 2025.00 SGTU 9730 12 616.0707 R18K FD7732 20/01/2026 08/01/2026 15/05/2018 Books
    Dewey Decimal Classification     SGT Dental Library SGT Dental Library Text Book 14/06/2018 ABC 2025.00 SGTU 9730 4 616.0707 R18K FD7733 22/12/2025 08/12/2025 15/05/2018 Books
    Dewey Decimal Classification     SGT Dental Library SGT Dental Library Text Book 14/06/2018 ABC 2025.00 SGTU 9730 4 616.0707 R18K FD7734 06/09/2024 24/08/2024 15/05/2018 Books